| 000 | 00656nam a2200229 i 4500 | ||
|---|---|---|---|
| 001 | 123058 | ||
| 003 | ES-MaACL | ||
| 005 | 20230906192113.0 | ||
| 007 | t| | ||
| 008 | 070214s1985 sp r ||||0| spa d | ||
| 020 | _a84-339-3068-0 | ||
| 080 | _a821.111-31"19" | ||
| 100 | 1 |
_aPym, Bárbara. _994463 |
|
| 245 | 1 | 0 |
_aMujeres excelentes / _cBárbara Pym ; traducción de Jaime Zulaika. |
| 260 |
_aBarcelona : _bAnagrama, _c1985. |
||
| 300 |
_a255 p ; _c20 cm. |
||
| 490 | 1 |
_aPanorama de narrativas ; _v68 |
|
| 700 | 1 |
_aZulaika, Jaime. _9118447 |
|
| 830 | 1 | 0 |
_aPanorama de narrativas _v68 _9123642 |
| 852 | 4 |
_aES-MaACL _jL-9535 |
|
| 999 |
_c123058 _d123058 |
||